• 首页
  • 本馆介绍
  • 公告通知
  • 最新文献
  • 馆藏检索
  • 电子资源
  • 读者导购
  • 参考咨询
  • 我的图书馆
  • 登录
  • 详细信息显示
  • 放入我的书架
  • 预约/预借图书
  • 作者相关作品
  • 分类相关作品
  • 丛书相关作品
  • 出版社相关作品

书目信息

  • 表格格式
  • 工作单格式
  • 卡片格式
题名:
淳化阁帖
    
 
作者:
分册:  
出版信息: 上海   上海书店  1984
页数: 1册
开本: 13cm
丛书名:
单 册:
中图分类: J292.26 , J292.2
科图分类:
主题词: 法帖--中国--明代--选集 , 书法--中国 , 篆刻--中国
电子资源:
ISBN:
000 00611nam0 2200253 45
001 0184004379
005 20040520082721.8
010    @dCNY1.70
100    @a19950516d1984 em y0chiy0121 ea
101 0  @achi
102    @aCN@b310000
105    @ay z 000yy
106    @ar
200 10 @a淳化阁帖@Achun hua ge tie
210    @a上海@c上海书店@d1984
215    @a1册@d13cm
606    @a法帖@y中国@z明代@x选集
606 0  @a书法@x中国
606 0  @a篆刻@x中国
690    @aJ292.26@v3
690    @aJ292.2
801  0 @aCN@b上海图书馆@c20040520
801  2 @aCN@bNLC@c20040520
905    @f1@b209117@dJ292.2@e82
    
    淳化阁帖.-上海:上海书店,1984
    1册;13cm
    
    
    ISBN :CNY1.70
    
●
相关链接 在E读中查询图书 在五车中查询图书 在当当中查询图书 在豆瓣中查询图书


正题名:淳化阁帖     索取号:J292.2/82         预约/预借

序号 登录号 条形码 馆藏地/架位号 状态 备注
1 0209117   000792048   第一借阅区/ [索取号:J292.2/82] 在馆    
2 0209118   000792039   第一样本阅览室/ [索取号:J292.2/82] 在馆    
唐山师范学院图书馆 欢迎您!
大连网信软件有限公司© 版权所有